00718 2200265 4500001002100000005001700021008004100038035002500079040001200104082001000116084001600126100001900142245007300161250001100234260002700245300003300272500002700305650001100332700001700343700002600360850001200386990001800398990001800416990001800434INLIS00000000000654320150922090703.0  a0010-061500000000664 aYOPDYOG a636.8 a636.8 Cac K aCACANG EFFENDI aKucingc/ Cacang Effendi, N.S Budiana ; editor Febriani Ai Nurrohmah aCet. 1 aJakartabAgrifloc2014 a188 hlmbilusc22 cm [3 eks] aBibliografi : hlm. 187 aKucing aBudiana, N.S aFebriani Ai Nurrohmah aYOPDYOG a13986-PD/B.15 a13987-PD/B.15 a13988-PD/B.15